00880nam a2200217 a 4500001001000000003000500010005001700015008004100032010001100073011001100084040000900095100003600104245014700140260005200287500006000339502009600399650003200495650003000527650003500557856007000592000115398CHAP20220329144533.0190517s2018 mx a |sm |||||||spa d a111859 a112831 cCHAP1 aRodríguez González, Israel.10aConteo de especies de fauna silvestre muertas y vivas en canales de riego en Poanas, Durangoh[En línea]cpor Israel Rodríguez González. aBermejillo, Durango, Méx. :bEl autor,c2018. aPara ver el contenido del material haga clic en la liga aTesis (Ing. en Sistemas Pecuarios) -- UACH. Unidad Regional Universitaria de Zonas Áridas14aAvesxHábitos y conducta.14aFauna silvestrezDurango.14aHidrologíaxMapaszMéxico. aFinding aiduhttp://10.13.5.2/tesis/sist115398.pdfzTeclea aquí